000 00835nam a2200217Ia 4500
003 OSt
005 20251222105806.0
008 220922b |||||||| |||| 00| 0 hin d
037 _cTB
040 _aARTS
_cARTS
_bhin
041 _2hin
_ahin
084 _aO157,3NMU4,1 152M2
_qAL
100 _aमुखोपाध्याय, भूदेव; ओमप्रकाश, अनु.
_9166307
245 0 _aमुद्रिका
246 _aMudrikā
260 _aनई दिल्ली,भारत:
_b ऋृषभचरण जैन,
_c1982.
300 _a94पृ.
_ccm.
650 _aबंगाली साहित्य
_9156264
942 _hO157,3NMU4,1, 152M2
_cTB
_2CC
_n0
999 _c354473
_d354473